Antikken - Statistics

General Stats
  • This quiz has been taken 564 times
    517 since last reset
  • The average score is 10 of 30
Answer Stats
Hint Answer % Correct
Den største greske bystaten Athen
91%
Den mest militaristiske greske bystaten Sparta
76%
Greske bystater kalles Polis
75%
Styreformen utviklet av ovennevnte Direkte demokrati
71%
Riket som erobret grekerne, men beundret deres kultur Romerriket
54%
Romersk diktator på slutten av republikken Julius Caesar
52%
Romernes språk Latin
52%
Gresk konge som erobret Perserriket Alexander den store
44%
Forfatteren av eposene Iliaden og Odysseen Homer
44%
De tre store i gresk filosofi (riktig rekkefølge) Sokrates, Platon, Aristoteles
42%
Den første romerske keiseren Augustus
40%
Den første kristne romerske keiseren Konstantin den store
38%
Den største byen i verden ca. 200 f.v.t. Alexandria
31%
Riket som erobret hele Midtøsten og Egypt, men klarte ikke erobre Hellas Perserriket
31%
Deres statsform fra 500-tallet til 27 f.v.t. Republikk
30%
Det man kaller perioden etter Alexander, oppkalt etter Hellas Hellenismen
27%
Den greske antikkens mest kjente bygning Partenon på Akropolis i Athen
26%
Den største byen i Oldtiden ca. 600 f.v.t. Babylon
24%
Historieskrivingens far Herodot
20%
Den første naturfilosofen Thales av Milet
16%
Hvilken sivilisasjon har sin "vugge" i den greske antikken? Vestlig sivilisasjon
16%
Noe av arven etter de gamle grekerne Arkitektur, teater, olympiske leker, filosofi, ord
15%
Den største romerske filosofen Cicero
15%
Hva er filosofen Demokrit kjent for? Atomisme
14%
Denne staten ble ledet av to folkevalgte Konsuler
12%
"Fra mytologi til fornuft, filosofi og vitenskap" Fra mythos til logos
10%
Noe av arven etter romerne Alfabetet, kalenderen, den katolske kirken, romanske språk, ord
8%
De to klassene av borgere i Roma Patrisier og plebeier
8%
Det som førte til Vest-Romerrikets oppløsning og antikkens slutt Folkevandringstiden
5%
En gresk filosof som ikke trodde på noe liv etter døden Epikur
3%
No matching quizzes found
Score Distribution
Percent of People with Each Score
Percentile by Number Answered
Your Score History
You have not taken this quiz since the last reset